LEADER 01271nam a2200289 4500 001 000000356351 003 CaOOAMICUS 005 20231206144005.0 008 231205s2006 it a 000 u ita r 020 $a88-311-7478-9 040 $aSeMil$bita 100 1 $aBanzato, Davide,$d<1981- >.$0(OLS)http://semarc/name/51015 245 10$aEvangelizzazione di strada :$bl'esperienza e il progetto di Nuovi Orizzonti /$cDavide Banzato. 264 1$aRoma :$bCittà Nuova,$c2006. 300 $a226 p., [4] c. di tav. :$bill. ;$c21 cm 541 0 $aOmaggio card. Dionigi Tettamanzi (3E II 296) 650 4$aEvangelizzazione.$0(OLS)http://semarc/subject/670 650 4$aComunità Nuovi Orizzonti.$0(OLS)http://semarc/subject/30608 650 4$aPastorale.$0(OLS)http://semarc/subject/3408 850 $aSeMil 852 $aSeMil$W1$xVenegono$y1$m3E II 296$j244935$B247520$CSeMilBibl$Z2$F247520 $81 941 1 $a5 961 $aOmaggio card. Dionigi Tettamanzi 996 $6020$a88-311-7478-9$9(OLS)http://semarc/number/146610 996 $6245$aEvangelizzazione di strada :$bl'esperienza e il progetto di Nuovi Orizzonti$9(OLS)http://semarc/title/229324 996 $6264$aRoma :$bCittà Nuova$9(OLS)http://semarc/publisher/29609 LEADER 00967nam a2200217 i 4500 001 000000217411 003 CaOOAMICUS 005 20121204000000.0 008 121204s1930 it u000 u ita u 013 $a196308 040 $aSeMil$bita 100 1 $aBajla, Eugenio.$0(OLS)http://semarc/name/76735 245 13$aLa scienza di Esculapio in Milano :$bnote di storia e curiosità di medicina e d'igiene /$cEugenio Bajla. 260 $aMilano :$bGazzetta sanitaria,$c1930. 300 $a302 p. ;$c19 cm. 650 4$aMilano - Igiene pubblica.$0(OLS)http://semarc/subject/32710 650 4$aMilano - Medicina.$0(OLS)http://semarc/subject/15907 850 $aSeMil 852 $aSeMil$W1$xVenegono$y1$m3O I 2$j167825$B167825$CSeMilBibl$Z2$F178604 $81 996 $6245$aLa scienza di Esculapio in Milano :$bnote di storia e curiosità di medicina e d'igiene$9(OLS)http://semarc/title/312346 996 $6260$aMilano :$bGazzetta sanitaria$9(OLS)http://semarc/publisher/53045